000 00828nam a2200265 a 4500
001 69479
003 BD-RjUL
005 20211209081908.0
008 170412s1988 fluaf b 001 0 eng
020 _a0849364930
035 _a(BD-RjUL)69691
040 _aDLC
_cDLC
_dBD-RjUL
_beng
041 _aeng
082 0 0 _a541.3724
_223
_bLID 1988
100 1 _aLindner, Ernő.
_9205807
245 1 0 _aDynamic characteristics of ion-selective electrodes /
_cErnő Lindner, Klára Tóth, Ernő Pungor.
260 _aBoca Raton, Fla. :
_bCRC Press,
_cc1988.
300 _a136 p. :
_bill. ;
_c27 cm.
504 _aIncludes index and bibliography
650 0 _aElectrodes, Ion selective.
_9205808
700 1 _aTóth, Klára,
_cPh.D.
_9205809
700 1 _aPungor, E.
_q(Ernő)
_9205810
942 _2ddc
_cBK
999 _c69479
_d69479